Účtovná závierka a jej význam pre rôznych používateľov bakalárska práca

Salvato in:
Dettagli Bibliografici
Autore principale: Kopecká, Daniela
Ente Autore: Fakulta hospodárskej informatiky EU. Katedra účtovníctva a audítorstva
Altri autori: Kubaščíková, Zuzana, 1982-
Natura: Libro
Lingua:slovacco
Pubblicazione: Bratislava 2010
Tags: Aggiungi Tag
Nessun Tag, puoi essere il primo ad aggiungerne!!

MARC

LEADER 00000nam$a2200000$$$4500
001 0137036
005 20240320072839.2
041 0 |a slo 
044 |a SK 
245 1 0 |a Účtovná závierka a jej význam pre rôznych používateľov  |b bakalárska práca  |c Daniela Kopecká ; školiteľ: Zuzana Kubaščíková 
264 1 |a Bratislava  |c 2010 
300 |a 40 s. 
100 1 |a Kopecká, Daniela 
700 1 |a Kubaščíková, Zuzana, 1982- 
710 2 |a Fakulta hospodárskej informatiky EU. Katedra účtovníctva a audítorstva